000 01455nam a22003137a 4500
005 20160206151406.0
008 150904b2001 ne |||||r|||| 00| 0 spa d
020 _a9076894027
040 _aCO-BoIAVH
_cCO-BoIAVH
041 0 _aspa
082 0 4 _a577.30723
_bD87e
245 0 0 _aEvaluación de recursos vegetales no maderables en la Amazonía noroccidental /
_cEditores: Joost F. Duivenvoorden, Henrisk Balslev, César Grandez, Hanna Tuomisto y Renato Valencia.
260 _aAmsterdam (Holanda) :
_bInstitute for biodiversity and ecosystem dynamics (IBED),
_bUniversiteit van Amsterdam,
_c2001.
300 _a487 páginas :
_bilustraciones, tablas y mapas ;
_c25 cm. +
_e2 mapas
500 _aIncluye anexos.
500 _aIncluye resumen.
504 _aIncluye referencias bibliográficas (Páginas 349-369).
505 0 _aLa amazonía noroccidental. -- Diversidad vegetal. -- Recursos vegetales no maderables. -- Comercialización.
650 1 4 _aBosques
_zAmazonía (Región)
650 2 4 _aBosques
_xComercialización
_zAmazonía (Región)
650 2 4 _aDiversidad biológica
_zAmazonía (Región)
700 1 _aDuivenvoorden, Joost Franciscus,
_eEditor.
700 1 _aBaslev, Henrik,
_eEditor.
700 1 _aCavelier, Jaime,
_eEditor.
700 1 _aGrandez, César,
_eEditor.
700 1 _aTuomisto, Hanna
_eEditor
700 1 _aValencia, Renato,
_eEditor.
942 _2ddc
_cLIBRO
999 _c17752
_d17752